• 首页
  • 本馆介绍
  • 公告通知
  • 最新文献
  • 馆藏检索
  • 电子资源
  • 读者导购
  • 参考咨询
  • 我的图书馆
  • 登录
  • 详细信息显示
  • 放入我的书架
  • 预约/预借图书
  • 作者相关作品
  • 分类相关作品
  • 丛书相关作品
  • 出版社相关作品

书目信息

  • 表格格式
  • 工作单格式
  • 卡片格式
题名:
教学参考书
    
 
作者: ;复旦大学外文系 编
分册: 第三册  
出版信息: 北京   商务印书馆  1984
页数: 93页
开本: 19cm
丛书名:
单 册:
中图分类: H31
科图分类:
主题词: 英语
电子资源:
ISBN:
000 00624nam0 2200229 45
001 0303261560
005 20040509144326.0
010    @dCNY0.44
091    @a9017.1306
100    @a20030326d1984 km y0chiy0120 ea
101 0  @achi
105    @a z 000yy
200 1  @a教学参考书@AJiao Xue Can Kao Shu@h第三册@f复旦大学外文系编@FFu Dan Da Xue Wai Wen Xi Bian
210    @a北京@c商务印书馆@d1984
215    @a93页@d19cm
300    @a高等学校文科教材
300    @a非英语专业用
606 0  @a英语
690    @aH31@v3
711 02 @a复旦大学外文系@4编
801    @aCN@bTSTC@c20030327
905    @dH31@e118:3(+)@f9@b126042-050
    
    教学参考书.第三册/复旦大学外文系编.-北京:商务印书馆,1984
    93页;19cm
    高等学校文科教材.-非英语专业用
    
    ISBN :CNY0.44
    
●
相关链接 在E读中查询图书 在五车中查询图书 在当当中查询图书 在豆瓣中查询图书


正题名:教学参考书     索取号:H31/118:3(+)         预约/预借

序号 登录号 条形码 馆藏地/架位号 状态 备注
1 0126042   000925869   密集书库/ [索取号:H31/118:3(+)] 在馆    
2 0126043   000925547   密集书库/ [索取号:H31/118:3(+)] 在馆    
3 0126044   000925538   密集书库/ [索取号:H31/118:3(+)] 在馆    
4 0126045   000925823   第四借阅区/ [索取号:H31/118:3(+)] 在馆    
5 0126046   000926733   密集书库/ [索取号:H31/118:3(+)] 在馆    
6 0126047   000925583   密集书库/ [索取号:H31/118:3(+)] 在馆    
7 0126048   000925618   密集书库/ [索取号:H31/118:3(+)] 在馆    
8 0126049   000925850   密集书库/ [索取号:H31/118:3(+)] 在馆    
9 0126050   000925627   密集书库/ [索取号:H31/118:3(+)] 在馆    
10 0126051   000925690   第二样本阅览室/ [索取号:H31/118:3(+)] 在馆    
唐山师范学院图书馆 欢迎您!
大连网信软件有限公司© 版权所有